=LDR 00000nam 2200000 4500 =001 INLIS000000000031473 =005 20130612133537 =008 ***********************************Ind** =035 ##$$0010-061300000031473 =041 ##$$a Ind =082 ##$$a 028.5 =090 ##$$a 028.5, Yul a =100 ##$$a Yulianti, Rani =245 ##$$a Amru bin Ash, Rani Yulianty =260 ##$$a 2006 $b Bandung =300 ##$$a 27 hlm, ilus, 17 cm =650 ##$$a Dongeng =850 ##$$a NBPNMAT =990 ##$$a 0001/BPAP-NTB/2015